Statistics for Countries with Great Apes

Click here to take the quiz!

General Stats

  • This quiz has been taken 56 times
  • The average score is 26 of 31

Answer Stats

ApeCountry% Correct
BonoboDemocratic Republic of the Congo
95%
GorillaDemocratic Republic of the Congo
95%
ChimpanzeeDemocratic Republic of the Congo
95%
OrangutanIndonesia
95%
OrangutanMalaysia
93%
ChimpanzeeNigeria
91%
GorillaNigeria
91%
GorillaRepublic of the Congo
91%
ChimpanzeeRepublic of the Congo
91%
GorillaCentral African Republic
89%
ChimpanzeeCentral African Republic
89%
GorillaAngola
86%
GorillaRwanda
86%
GorillaCameroon
84%
ChimpanzeeCameroon
84%
ChimpanzeeGabon
84%
GorillaGabon
84%
ChimpanzeeTanzania
84%
ChimpanzeeBurundi
82%
ChimpanzeeGuinea
82%
ChimpanzeeLiberia
82%
ChimpanzeeSierra Leone
82%
ChimpanzeeUganda
82%
GorillaUganda
82%
GorillaEquatorial Guinea
80%
ChimpanzeeEquatorial Guinea
80%
ChimpanzeeGhana
80%
ChimpanzeeSenegal
77%
ChimpanzeeCôte d'Ivoire
75%
ChimpanzeeMali
70%
ChimpanzeeSouth Sudan
57%

Score Distribution

Percentile by Number Answered

Percent of People with Each Score

Your Score History

You have not taken this quiz